Normal view
MARC view
- Loomis, Stanley.
Entry Personal Name
001 - CONTROL NUMBER
- control field: 24112
003 - CONTROL NUMBER IDENTIFIER
- control field: NUST
005 - DATE AND TIME OF LATEST TRANSACTION
- control field: 20191016110814.0
008 - FIXED-LENGTH DATA ELEMENTS
- fixed length control field: 191016|| aca||aabn | a|a d
040 ## - CATALOGING SOURCE
- Original cataloging agency: NUST
- Transcribing agency: NUST
100 ## - HEADING--PERSONAL NAME
- Personal name: Loomis, Stanley.
670 ## - SOURCE DATA FOUND
- Source citation: Work cat.: (NUST)0: Loomis, Stanley., Paris in the terror: June 1793-July 1794., 1964.
